00888nam a2200229 a 450000100100000000500170001000800410002702000150006804000250008304100390010808200130014710000220016024000550018224501290023726000660036630000280043250000350046050400340049553400760052970000200060570000330062500002613820200930024333.0110302s1980 mx a r 000 0 spa d a9682601797 aDO-SdBNPbspacBNPHU17aspaheng2Código de idiomas MARC ann*bnn*1 aSiegel, Laurence.10aPsychology in industrial organizations.lEspañol10aPsicología en las organizaciones industriales /cLaurence Siegel y Irving M. Lane ; traducción de Alfonso Vasseur Walls. aMéxico, D. F. :bCompañía Editorial Continental,c1980. a594 p. :bil. ;c23 cm. aIncluye índice alfabético. aBibliografía : [567]-583 p. aTítulo original en inglés :tPsychology in industrial organizations1 aLane, Irving M.1 aVasseur Walls, Alfonso,etr.